Antonio Maura (Record no. 70519)

MARC details
000 -LEADER
campo de control de longitud fija 00609nam a2200193 i 4500
001 - NÚMERO DE CONTROL
campo de control 70519
003 - IDENTIFICADOR DE NÚMERO DE CONTROL
campo de control ES-MaACL
005 - FECHA Y HORA DE LA ÚLTIMA TRANSACCIÓN
campo de control 20240509155843.0
007 - CAMPO FIJO DE DESCRIPCIÓN FÍSICA--INFORMACIÓN GENERAL
campo de control de longitud fija t|
008 - DATOS DE LONGITUD FIJA--INFORMACIÓN GENERAL
campo de control de longitud fija 040727s1953 sp ||||1| spa d
100 1# - ENTRADA PRINCIPAL--NOMBRE DE PERSONA
Nombre de persona García Venero, Maximiano.
9 (RLIN) 55393
245 10 - MENCIÓN DEL TÍTULO
Título Antonio Maura
Resto del título : 1907-1909 /
Mención de responsabilidad, etc. Maximiniano García Venero.
260 ## - PUBLICACIÓN, DISTRIBUCIÓN, ETC.
Lugar de publicación, distribución, etc. Madrid :
Nombre del editor, distribuidor, etc. Ediciones del Movimiento,
Fecha de publicación, distribución, etc. 1953 (
Fabricante Samarán)
300 ## - DESCRIPCIÓN FÍSICA
Extensión 232 p. ;
Dimensiones 21 cm.
600 14 - PUNTO DE ACCESO ADICIONAL DE MATERIA--NOMBRE DE PERSONA
Nombre de persona Maura y Montaner, Antonio,
Fechas asociadas al nombre 1853-1925
9 (RLIN) 79224
710 2# - ENTRADA AGREGADA--NOMBRE DE ENTIDAD CORPORATIVA
Nombre de entidad corporativa o nombre de jurisdicción como elemento de entrada Ediciones del Movimiento.
9 (RLIN) 171800
852 ## - LOCALIZACIÓN
Ubicación ES-MaACL
Número de control de estantería C-5824
Holdings
Estatus retirado Estado de pérdida Estado de daño No para préstamo Biblioteca de origen Biblioteca actual Ubicación en estantería Fecha de adquisición Fuente de adquisición Total de préstamos Signatura topográfica completa Código de barras Visto por última vez Precio de reemplazo Tipo de ítem Koha
        Biblioteca del Ateneo de Madrid Biblioteca del Ateneo de Madrid Sala Palomar 17/01/2008     C-5824 1073842 23/02/2023 23/02/2023 Libro impreso